Greenpeace como actor internacional : la campaña del mediterráneo /

Guardado en:
Autor Principal: Sorribas Vivas, Javier
Formato: Libro
Publicado: Barcelona : Universidad Autónoma, 1995
Materias:
Ong
Etiquetas: Agregar Etiqueta
Sin Etiquetas, Sea el primero en etiquetar este registro!
LEADER 00933nam a22002295a 4500
001 CEM.cems013614
005 20160809155924.0
008 130507s1995##################000#0#####d
003 CEMS
082 0 4 |a F574.5 
100 1 |a Sorribas Vivas, Javier 
245 1 0 |a Greenpeace como actor internacional :  |b la campaña del mediterráneo /  |c Javier Sorribas Vivas 
260 |a Barcelona :  |b Universidad Autónoma,  |c 1995 
300 |a 12 p. 
500 |a En: Papers, Revista de Sociología, nº 46, pp.155-166 Existe además copia en archivo Pdf (ver ligas en formato personalizado) 
505 0 |a Introducción -- Las ONG como actores internacionales -- Greenpeace como ONG -- La campaña del Mediterráneo -- Conclusiones -- Bibliografía 
653 |a Greenpeace 
653 |a Ong 
653 |a Ecología 
653 |a Medio ambiente 
653 |a Libros digitalizados 
859 |a CEMS  |b BIB. CEMS - 11 de abril  |h F574.5  |i 15-1  |p 2760.44  |t Ej.1  |v TC  |3 TC